000
00289nam a22001457a 4500
003
SGT
082
_a
616.07
_b
C18K
100
_a
KHARI, POOJA
245
_a
COMPARATIVE STUDY BETWEEN
250
_a
1ST
260
_a
SGTU
_c
2018
300
_a
90
650
_a
PATHOLOGY
942
_2
ddc
_c
TH
999
_c
20518
_d
20518